| 000 | 00717nam a2200241Ia 4500 | ||
|---|---|---|---|
| 003 | GCL | ||
| 008 | 140319s9999 xx 000 0 ara d | ||
| 040 |
_aGCL / _cGCL |
||
| 082 | 0 | 4 |
_a616 _bع د |
| 100 | 1 | _aعزة مريدن | |
| 245 | 1 | 0 |
_aدراسات وتاملات فى العلم والطب والحياة / _cعزة مريدن |
| 260 |
_a[S.N] : _bمنشورات اتحاد الكتاب العرب ، _c1983 |
||
| 300 | _a415 ص | ||
| 490 | _a | ||
| 650 | 0 | 4 | _aالطب |
| 650 | 0 | 4 | _aالرعاية الصحية |
| 650 | 0 | 4 | _aالامراض |
| 650 | 0 | 4 | _aالعلاج |
| 650 | 0 | 4 | _aالعقاقير |
| 650 | 0 | 4 | _aالاطفال العرب |
| 650 | 0 | 4 | _aالاطباء العرب |
| 942 |
_2ddc _cBK |
||
| 999 |
_c36242 _d36242 |
||